000 00441nam a2200169Ia 4500
008 240729s9999 xx 000 0 und d
022 _a1553-7404
245 0 _aPLoS Genetics
260 _aUnited States
260 _bPublic Library of Science (PLoS)
650 _a Biology (General)
650 _a Genetics
650 _aScience
856 _uhttps://doaj.org/toc/5c78d618bd61495f8045302a461705ec
942 _2ddc
942 _cDOAJEJ
999 _c67456
_d67456
945 _a1
_bMadushi Gamage
_c1
_dMadushi Gamage